[Event "Villarobledo Online Qualifyer"]
[Site "playchess.com #155672"]
[Date "2009.05.23"]
[Round "12"]
[White "Us6"]
[Black "Necromant"]
[Result "1/2-1/2"]
[WhiteElo "2595"]
[BlackElo "2575"]
[PlyCount "116"]
[EventDate "2009.05.23"]
[EventType "swiss (blitz)"]

1. d4 {[%emt 0:00:01]} Nf6 {[%emt 0:00:01]} 2. c4 {[%emt 0:00:04]} g6 {[%emt 0:
00:02]} 3. Nc3 {[%emt 0:00:01]} d5 {[%emt 0:00:01]} 4. Qb3 {[%emt 0:00:03]}
dxc4 {[%emt 0:00:02]} 5. Qxc4 {[%emt 0:00:00]} Bg7 {[%emt 0:00:01]} 6. e4 {
[%emt 0:00:01]} Na6 {[%emt 0:00:01]} 7. Nf3 {[%emt 0:00:02]} O-O {[%emt 0:00:
03]} 8. Be2 {[%emt 0:00:01]} c5 {[%emt 0:00:01]} 9. d5 {[%emt 0:00:01]} e6 {
[%emt 0:00:01]} 10. O-O {[%emt 0:00:02]} exd5 {[%emt 0:00:01]} 11. exd5 {[%emt
0:00:00]} Bf5 {[%emt 0:00:09]} 12. Bg5 {[%emt 0:00:04]} Qb6 {[%emt 0:00:14]}
13. Qb5 {[%emt 0:00:23]} Ne4 {[%emt 0:00:08]} 14. Nxe4 {[%emt 0:00:21]} Bxe4 {
[%emt 0:00:01]} 15. Rad1 {[%emt 0:00:03]} Qxb5 {[%emt 0:00:33]} 16. Bxb5 {
[%emt 0:00:02]} Nc7 {[%emt 0:00:02]} 17. Bc4 {[%emt 0:00:06]} Bxf3 {[%emt 0:00:
43]} 18. gxf3 {[%emt 0:00:03]} Bd4 {[%emt 0:00:19]} 19. d6 {[%emt 0:00:41]} Ne6
{[%emt 0:00:02]} 20. Bxe6 {[%emt 0:00:05]} fxe6 {[%emt 0:00:01]} 21. d7 {[%emt
0:00:06]} Kf7 {[%emt 0:00:07]} 22. b4 {[%emt 0:00:04]} b6 {[%emt 0:00:09]} 23.
bxc5 {[%emt 0:00:06]} bxc5 {[%emt 0:00:02]} 24. d8=Q {[%emt 0:00:01]} Rfxd8 {
[%emt 0:00:02]} 25. Bxd8 {[%emt 0:00:00]} Rxd8 {[%emt 0:00:01]} 26. Rb1 {[%emt
0:00:01]} Rd7 {[%emt 0:00:07]} 27. Rfc1 {[%emt 0:00:02]} e5 {[%emt 0:00:05]}
28. Rb8 {[%emt 0:00:05]} Ke6 {[%emt 0:00:02]} 29. Kf1 {[%emt 0:00:03]} Rc7 {
[%emt 0:00:02]} 30. Re8+ {[%emt 0:00:05]} Kd5 {[%emt 0:00:01]} 31. Rd8+ {[%emt
0:00:03]} Kc6 {[%emt 0:00:14]} 32. f4 {[%emt 0:00:11]} Rf7 {[%emt 0:00:07]} 33.
fxe5 {[%emt 0:00:13]} Rxf2+ {[%emt 0:00:01]} 34. Ke1 {[%emt 0:00:01]} Rf4 {
[%emt 0:00:06]} 35. e6 {[%emt 0:00:16]} Re4+ {[%emt 0:00:02]} 36. Kf1 {[%emt 0:
00:05]} Be3 {[%emt 0:00:21]} 37. Re1 {[%emt 0:00:28] .} Rxe6 {[%emt 0:00:04]}
38. Rc8+ {[%emt 0:00:03]} Kd5 {[%emt 0:00:02]} 39. Rc7 {[%emt 0:00:01]} h5 {
[%emt 0:00:02]} 40. Rxa7 {[%emt 0:00:02]} Rf6+ {[%emt 0:00:02]} 41. Kg2 {[%emt
0:00:02]} Bd4 {[%emt 0:00:01]} 42. Rd7+ {[%emt 0:00:01]} Kc4 {[%emt 0:00:02]}
43. Rc1+ {[%emt 0:00:01]} Kb4 {[%emt 0:00:02]} 44. Rb7+ {[%emt 0:00:02]} Ka3 {
[%emt 0:00:03]} 45. Rc2 {[%emt 0:00:01]} g5 {[%emt 0:00:03]} 46. Rb3+ {[%emt 0:
00:01]} Ka4 {[%emt 0:00:01]} 47. Rc4+ {[%emt 0:00:01]} Ka5 {[%emt 0:00:01]} 48.
Rc2 {[%emt 0:00:01]} g4 {[%emt 0:00:02]} 49. h3 {[%emt 0:00:01]} gxh3+ {[%emt
0:00:01]} 50. Kxh3 {[%emt 0:00:01]} Rf4 {[%emt 0:00:01]} 51. Rd3 {[%emt 0:00:
05]} h4 {[%emt 0:00:02]} 52. Rg2 {[%emt 0:00:04]} Kb5 {[%emt 0:00:01]} 53. Rg4
{[%emt 0:00:02]} Rf1 {[%emt 0:00:05]} 54. Kxh4 {[%emt 0:00:01]} Kc4 {[%emt 0:
00:02]} 55. Rb3 {[%emt 0:00:02]} Ra1 {[%emt 0:00:02]} 56. Rg2 {[%emt 0:00:02]}
Rxa2 {[%emt 0:00:02]} 57. Rxa2 {[%emt 0:00:01]} Kxb3 {[%emt 0:00:01]} 58. Ra8 {
[%emt 0:00:01] Necromant offers a draw} c4 {[%emt 0:00:02]} 1/2-1/2

[Event "Villarobledo Online Qualifyer"]
[Site "playchess.com #155672"]
[Date "2009.05.23"]
[Round "12"]
[White "Manza"]
[Black "Kingsize"]
[Result "1-0"]
[WhiteElo "1525"]
[BlackElo "1476"]
[PlyCount "107"]
[EventDate "2009.05.23"]
[EventType "swiss (blitz)"]

1. e4 {[%emt 0:00:03]} e5 {[%emt 0:00:01]} 2. Nf3 {[%emt 0:00:02]} Nc6 {[%emt
0:00:01]} 3. d4 {[%emt 0:00:02]} exd4 {[%emt 0:00:02]} 4. Nxd4 {[%emt 0:00:02]}
d6 {[%emt 0:00:01]} 5. Bb5 {[%emt 0:00:07]} Bd7 {[%emt 0:00:02]} 6. Nc3 {[%emt
0:00:15]} Be7 {[%emt 0:00:02]} 7. O-O {[%emt 0:00:03]} Nf6 {[%emt 0:00:03]} 8.
h3 {[%emt 0:00:23]} O-O {[%emt 0:00:01]} 9. f4 {[%emt 0:00:08]} Qc8 {[%emt 0:
00:03]} 10. Bxc6 {[%emt 0:00:06]} bxc6 {[%emt 0:00:05]} 11. Qf3 {[%emt 0:00:24]
} Rb8 {[%emt 0:00:03]} 12. e5 {[%emt 0:00:04]} Ne8 {[%emt 0:00:15]} 13. Nxc6 {
[%emt 0:00:08]} Bxc6 {[%emt 0:00:05]} 14. Qxc6 {[%emt 0:00:02]} dxe5 {[%emt 0:
00:04]} 15. fxe5 {[%emt 0:00:06]} Qb7 {[%emt 0:00:09]} 16. Qd7 {[%emt 0:00:14]}
Qb6+ {[%emt 0:00:02]} 17. Kh1 {[%emt 0:00:05]} Qc5 {[%emt 0:00:32]} 18. Nd5 {
[%emt 0:00:08]} Bd8 {[%emt 0:00:12]} 19. e6 {[%emt 0:00:07]} fxe6 {[%emt 0:00:
16]} 20. Qxe6+ {[%emt 0:00:07]} Kh8 {[%emt 0:00:04]} 21. Rxf8+ {[%emt 0:00:26]}
Qxf8 {[%emt 0:00:03]} 22. Bf4 {[%emt 0:00:10]} Nf6 {[%emt 0:00:12]} 23. Rd1 {
[%emt 0:00:05]} Nxd5 {[%emt 0:00:14]} 24. Qxd5 {[%emt 0:00:13]} Qxf4 {[%emt 0:
00:23] '} 25. Qxd8+ {[%emt 0:00:05]} Qf8 {[%emt 0:00:01]} 26. Qxf8+ {[%emt 0:
00:06]} Rxf8 {[%emt 0:00:01]} 27. Rd2 {[%emt 0:00:03]} g6 {[%emt 0:00:02]} 28.
g4 {[%emt 0:00:02]} c5 {[%emt 0:00:02]} 29. c4 {[%emt 0:00:03]} Rf7 {[%emt 0:
00:04]} 30. b3 {[%emt 0:00:02]} Kg7 {[%emt 0:00:01]} 31. Kg2 {[%emt 0:00:01]}
a5 {[%emt 0:00:02]} 32. Rf2 {[%emt 0:00:01]} Re7 {[%emt 0:00:02]} 33. Kf3 {
[%emt 0:00:02]} Ra7 {[%emt 0:00:10]} 34. Ke4 {[%emt 0:00:03]} a4 {[%emt 0:00:
03]} 35. Kd5 {[%emt 0:00:03]} axb3 {[%emt 0:00:03]} 36. axb3 {[%emt 0:00:01]}
Ra3 {[%emt 0:00:04]} 37. Rf3 {[%emt 0:00:01]} Ra5 {[%emt 0:00:02]} 38. Re3 {
[%emt 0:00:05]} Kf7 {[%emt 0:00:02]} 39. Kd6 {[%emt 0:00:01]} Kf6 {[%emt 0:00:
06]} 40. Re5 {[%emt 0:00:02]} Ra3 {[%emt 0:00:04]} 41. Rxc5 {[%emt 0:00:02]}
Rxb3 {[%emt 0:00:01]} 42. Rc7 {[%emt 0:00:01]} Rd3+ {[%emt 0:00:03]} 43. Kc5 {
[%emt 0:00:03]} Rxh3 {[%emt 0:00:02]} 44. Rc6+ {[%emt 0:00:06]} Kf7 {[%emt 0:
00:02]} 45. Kd6 {[%emt 0:00:04]} Rg3 {[%emt 0:00:03]} 46. c5 {[%emt 0:00:02]}
Rxg4 {[%emt 0:00:01]} 47. Rc7+ {[%emt 0:00:01]} Kg8 {[%emt 0:00:04]} 48. Rc8+ {
[%emt 0:00:01]} Kf7 {[%emt 0:00:03]} 49. c6 {[%emt 0:00:01]} h5 {[%emt 0:00:02]
} 50. c7 {[%emt 0:00:02]} Rd4+ {[%emt 0:00:02]} 51. Ke5 {[%emt 0:00:02]} Rd7 {
[%emt 0:00:08]} 52. Rf8+ {[%emt 0:00:03]} Ke7 {[%emt 0:00:03]} 53. c8=Q {[%emt
0:00:01]} h4 {[%emt 0:00:06]} 54. Qe8# {[%emt 0:00:01]} 1-0

[Event "Villarobledo Online Qualifyer"]
[Site "playchess.com #155672"]
[Date "2009.05.23"]
[Round "12"]
[White "Moe der Beste"]
[Black "Torresh"]
[Result "1-0"]
[WhiteElo "2234"]
[BlackElo "2126"]
[PlyCount "135"]
[EventDate "2009.05.23"]
[EventType "swiss (blitz)"]

1. d4 {[%emt 0:00:01]} Nf6 {[%emt 0:00:05]} 2. c4 {[%emt 0:00:01]} g6 {[%emt 0:
00:01]} 3. Nf3 {[%emt 0:00:02]} Bg7 {[%emt 0:00:01]} 4. Nc3 {[%emt 0:00:00]}
O-O {[%emt 0:00:02]} 5. Bg5 {[%emt 0:00:01]} d6 {[%emt 0:00:01]} 6. e3 {[%emt
0:00:01]} Nbd7 {[%emt 0:00:03]} 7. Be2 {[%emt 0:00:01]} c6 {[%emt 0:00:01]} 8.
O-O {[%emt 0:00:01]} h6 {[%emt 0:00:02]} 9. Bh4 {[%emt 0:00:02]} e5 {[%emt 0:
00:04]} 10. Qc2 {[%emt 0:00:06]} Qe7 {[%emt 0:00:04]} 11. Rad1 {[%emt 0:00:03]}
Re8 {[%emt 0:00:03]} 12. Bg3 {[%emt 0:00:01]} Nh5 {[%emt 0:00:03]} 13. dxe5 {
[%emt 0:00:01]} dxe5 {[%emt 0:00:06]} 14. a3 {[%emt 0:00:07]} Nxg3 {[%emt 0:00:
06]} 15. hxg3 {[%emt 0:00:01]} Nf8 {[%emt 0:00:01]} 16. Nd2 {[%emt 0:00:01]}
Ne6 {[%emt 0:00:02]} 17. b4 {[%emt 0:00:02]} a5 {[%emt 0:00:04]} 18. Qb3 {
[%emt 0:00:05]} axb4 {[%emt 0:00:17]} 19. axb4 {[%emt 0:00:00]} f5 {[%emt 0:00:
04]} 20. Nf3 {[%emt 0:00:08]} Kh7 {[%emt 0:00:06]} 21. Nh4 {[%emt 0:00:02]} f4
{[%emt 0:00:08]} 22. Bd3 {[%emt 0:00:11]} Nf8 {[%emt 0:00:11]} 23. Qc2 {[%emt
0:00:11]} Qg5 {[%emt 0:00:09]} 24. Ne4 {[%emt 0:00:05]} Qh5 {[%emt 0:00:03]}
25. Nd6 {[%emt 0:00:14]} Rd8 {[%emt 0:00:13]} 26. Be2 {[%emt 0:00:04]} Bg4 {
[%emt 0:00:07]} 27. Bxg4 {[%emt 0:00:15]} Qxg4 {[%emt 0:00:02]} 28. exf4 {
[%emt 0:00:07]} exf4 {[%emt 0:00:04]} 29. Nxb7 {[%emt 0:00:02]} Rxd1 {[%emt 0:
00:04]} 30. Qxd1 {[%emt 0:00:00]} Qxd1 {[%emt 0:00:06]} 31. Rxd1 {[%emt 0:00:
01]} fxg3 {[%emt 0:00:01]} 32. fxg3 {[%emt 0:00:00]} Rb8 {[%emt 0:00:02]} 33.
Nd8 {[%emt 0:00:11]} Rxb4 {[%emt 0:00:04]} 34. Nxc6 {[%emt 0:00:01]} Rxc4 {
[%emt 0:00:02]} 35. Ne7 {[%emt 0:00:04]} Bd4+ {[%emt 0:00:04]} 36. Kh2 {[%emt
0:00:07]} Bf6 {[%emt 0:00:02]} 37. Nd5 {[%emt 0:00:05]} Bxh4 {[%emt 0:00:03]}
38. gxh4 {[%emt 0:00:00]} Rxh4+ {[%emt 0:00:01]} 39. Kg3 {[%emt 0:00:00]} g5 {
[%emt 0:00:05]} 40. Rc1 {[%emt 0:00:06]} Ne6 {[%emt 0:00:07]} 41. Re1 {[%emt 0:
00:06]} Nd4 {[%emt 0:00:04]} 42. Re5 {[%emt 0:00:13]} Kg6 {[%emt 0:00:07]} 43.
Ne3 {[%emt 0:00:10]} Rf4 {[%emt 0:00:25]} 44. Nd5 {[%emt 0:00:42]} Nf5+ {[%emt
0:00:08]} 45. Kh2 {[%emt 0:00:05]} Rh4+ {[%emt 0:00:07]} 46. Kg1 {[%emt 0:00:
01]} Nd4 {[%emt 0:00:04]} 47. Re8 {[%emt 0:00:18]} Nb3 {[%emt 0:00:28]} 48. Rb8
{[%emt 0:00:04]} Nc5 {[%emt 0:00:06]} 49. Ne3 {[%emt 0:00:07]} Re4 {[%emt 0:00:
04]} 50. Rb6+ {[%emt 0:00:03]} Kh5 {[%emt 0:00:02]} 51. Nf5 {[%emt 0:00:04]}
Re6 {[%emt 0:00:01]} 52. Ng7+ {[%emt 0:00:01]} Kg4 {[%emt 0:00:02]} 53. Nxe6 {
[%emt 0:00:00]} Nxe6 {[%emt 0:00:01]} 54. Rxe6 {[%emt 0:00:00]} h5 {[%emt 0:00:
01]} 55. Kh2 {[%emt 0:00:00]} Kf5 {[%emt 0:00:02]} 56. Re1 {[%emt 0:00:00]} Kf4
{[%emt 0:00:02]} 57. Rf1+ {[%emt 0:00:00]} Kg4 {[%emt 0:00:01]} 58. Ra1 {[%emt
0:00:00]} Kf4 {[%emt 0:00:01]} 59. Ra4+ {[%emt 0:00:00]} Kf5 {[%emt 0:00:01]}
60. Kg3 {[%emt 0:00:00]} h4+ {[%emt 0:00:01]} 61. Kh3 {[%emt 0:00:01]} Kg6 {
[%emt 0:00:00]} 62. Ra5 {[%emt 0:00:00]} Kh5 {[%emt 0:00:01]} 63. Rb5 {[%emt 0:
00:02]} Kg6 {[%emt 0:00:05]} 64. Kg4 {[%emt 0:00:00]} Kf6 {[%emt 0:00:01]} 65.
Rxg5 {[%emt 0:00:00]} Ke6 {[%emt 0:00:01]} 66. Rf5 {[%emt 0:00:00]} Kd6 {[%emt
0:00:02]} 67. Rh5 {[%emt 0:00:01]} Ke6 {[%emt 0:00:00]} 68. Rxh4 {[%emt 0:00:
00] Torresh rinde} 1-0

[Event "Villarobledo Online Qualifyer"]
[Site "playchess.com #155672"]
[Date "2009.05.23"]
[Round "12"]
[White "Àíòîíîâ"]
[Black "Imperatrix"]
[Result "1/2-1/2"]
[WhiteElo "1888"]
[BlackElo "1770"]
[PlyCount "128"]
[EventDate "2009.05.23"]
[EventType "swiss (blitz)"]

1. e4 {[%emt 0:00:03]} c5 {[%emt 0:00:01]} 2. Nc3 {[%emt 0:00:02]} a6 {[%emt 0:
00:02]} 3. g3 {[%emt 0:00:01]} b5 {[%emt 0:00:02]} 4. Bg2 {[%emt 0:00:01]} Bb7
{[%emt 0:00:01]} 5. d3 {[%emt 0:00:01]} e6 {[%emt 0:00:02]} 6. Nge2 {[%emt 0:
00:01]} Be7 {[%emt 0:00:05]} 7. O-O {[%emt 0:00:01]} Nf6 {[%emt 0:00:01]} 8. h3
{[%emt 0:00:02]} O-O {[%emt 0:00:02]} 9. f4 {[%emt 0:00:03]} d5 {[%emt 0:00:01]
} 10. e5 {[%emt 0:00:01]} Nfd7 {[%emt 0:00:01]} 11. d4 {[%emt 0:00:06]} Qb6 {
[%emt 0:00:03]} 12. Be3 {[%emt 0:00:02]} cxd4 {[%emt 0:00:01]} 13. Bxd4 {[%emt
0:00:02]} Bc5 {[%emt 0:00:03]} 14. Kh2 {[%emt 0:00:02]} Nc6 {[%emt 0:00:14]}
15. Bxc5 {[%emt 0:00:02]} Nxc5 {[%emt 0:00:03]} 16. Nd4 {[%emt 0:00:04]} b4 {
[%emt 0:00:13]} 17. Nce2 {[%emt 0:00:02]} Ne4 {[%emt 0:00:04]} 18. Nxc6 {[%emt
0:00:10]} Qxc6 {[%emt 0:00:03]} 19. Nd4 {[%emt 0:00:01]} Qc7 {[%emt 0:00:06]}
20. a3 {[%emt 0:00:07]} a5 {[%emt 0:00:05]} 21. axb4 {[%emt 0:00:03]} axb4 {
[%emt 0:00:01]} 22. Qf3 {[%emt 0:00:37]} Qc4 {[%emt 0:00:12]} 23. Rxa8 {[%emt
0:00:07]} Rxa8 {[%emt 0:00:05]} 24. Rd1 {[%emt 0:00:01]} Ra2 {[%emt 0:00:04]}
25. b3 {[%emt 0:00:02]} Qc3 {[%emt 0:00:15]} 26. Rd3 {[%emt 0:00:03]} Qe1 {
[%emt 0:00:06]} 27. f5 {[%emt 0:00:10]} Nf2 {[%emt 0:00:10]} 28. fxe6 {[%emt 0:
00:16]} fxe6 {[%emt 0:00:07]} 29. Nxe6 {[%emt 0:00:02]} Ra8 {[%emt 0:00:17]}
30. Re3 {[%emt 0:00:15]} Qd1 {[%emt 0:00:26]} 31. Qxf2 {[%emt 0:00:08]} h6 {
[%emt 0:00:24]} 32. Nc5 {[%emt 0:00:21]} Bc6 {[%emt 0:00:08]} 33. Rd3 {[%emt 0:
00:02]} Qc1 {[%emt 0:00:05]} 34. Rxd5 {[%emt 0:00:04]} Re8 {[%emt 0:00:15]} 35.
Rd6 {[%emt 0:00:22]} Bxg2 {[%emt 0:00:06]} 36. Kxg2 {[%emt 0:00:01]} Rxe5 {
[%emt 0:00:06]} 37. Rd2 {[%emt 0:00:05]} Re8 {[%emt 0:00:06]} 38. Nd3 {[%emt 0:
00:02]} Qb1 {[%emt 0:00:02]} 39. Re2 {[%emt 0:00:10]} Rf8 {[%emt 0:00:01]} 40.
Qg1 {[%emt 0:00:09]} Qa2 {[%emt 0:00:05]} 41. Qc5 {[%emt 0:00:04]} Qa8+ {[%emt
0:00:02]} 42. Kh2 {[%emt 0:00:03]} Qf3 {[%emt 0:00:02]} 43. Qe5 {[%emt 0:00:03]
} Kh7 {[%emt 0:00:05]} 44. Qe4+ {[%emt 0:00:01]} Qxe4 {[%emt 0:00:02]} 45. Rxe4
{[%emt 0:00:01]} Rc8 {[%emt 0:00:03]} 46. Rxb4 {[%emt 0:00:01]} Rxc2+ {[%emt 0:
00:01]} 47. Kg1 {[%emt 0:00:02]} Rc3 {[%emt 0:00:01]} 48. Nc5 {[%emt 0:00:12] .
} Rxg3+ {[%emt 0:00:02]} 49. Kh2 {[%emt 0:00:02]} Rc3 {[%emt 0:00:02]} 50. Ne4
{[%emt 0:00:01]} Re3 {[%emt 0:00:01]} 51. Ng3 {[%emt 0:00:01]} Rc3 {[%emt 0:00:
02]} 52. Rb7 {[%emt 0:00:01]} Kg6 {[%emt 0:00:02]} 53. b4 {[%emt 0:00:01]} Rb3
{[%emt 0:00:02]} 54. b5 {[%emt 0:00:01]} Kf6 {[%emt 0:00:01]} 55. Ne4+ {[%emt
0:00:03]} Kf5 {[%emt 0:00:02]} 56. Nd6+ {[%emt 0:00:01]} Ke6 {[%emt 0:00:01]}
57. Ne8 {[%emt 0:00:02]} g5 {[%emt 0:00:02]} 58. b6 {[%emt 0:00:01]} h5 {[%emt
0:00:02]} 59. Kg2 {[%emt 0:00:04]} g4 {[%emt 0:00:01]} 60. Nc7+ {[%emt 0:00:05]
} Kd6 {[%emt 0:00:02]} 61. Ne8+ {[%emt 0:00:01]} Kc6 {[%emt 0:00:01]} 62. Rb8 {
[%emt 0:00:01]} gxh3+ {[%emt 0:00:01]} 63. Kh2 {[%emt 0:00:02]} Rxb6 {[%emt 0:
00:04]} 64. Rxb6+ {[%emt 0:00:04]} Kxb6 {[%emt 0:00:01] Imperatrix offers a
draw} 1/2-1/2

[Event "Villarobledo Online Qualifyer"]
[Site "playchess.com #155672"]
[Date "2009.05.23"]
[Round "12"]
[White "stefanovitch"]
[Black "Torre repetto 2"]
[Result "0-1"]
[WhiteElo "1655"]
[BlackElo "1595"]
[PlyCount "110"]
[EventDate "2009.05.23"]
[EventType "swiss (blitz)"]

1. f4 {[%emt 0:00:01]} e6 {[%emt 0:00:03]} 2. Nf3 {[%emt 0:00:01]} d5 {[%emt 0:
00:01]} 3. e3 {[%emt 0:00:01]} c5 {[%emt 0:00:03]} 4. Be2 {[%emt 0:00:03]} Ne7
{[%emt 0:00:01]} 5. O-O {[%emt 0:00:01]} Bd7 {[%emt 0:00:02]} 6. b3 {[%emt 0:
00:01]} Nbc6 {[%emt 0:00:02]} 7. Bb2 {[%emt 0:00:01]} Ng6 {[%emt 0:00:04]} 8.
Ne5 {[%emt 0:00:04]} Ngxe5 {[%emt 0:00:04]} 9. fxe5 {[%emt 0:00:01]} g6 {[%emt
0:00:04]} 10. d4 {[%emt 0:00:02]} b6 {[%emt 0:00:04]} 11. c4 {[%emt 0:00:03]}
Bg7 {[%emt 0:00:05]} 12. cxd5 {[%emt 0:00:06]} exd5 {[%emt 0:00:02]} 13. Nc3 {
[%emt 0:00:16]} Be6 {[%emt 0:00:16]} 14. Nb5 {[%emt 0:00:07]} O-O {[%emt 0:00:
11]} 15. Bg4 {[%emt 0:00:20]} Qg5 {[%emt 0:00:07]} 16. Bxe6 {[%emt 0:00:17]}
Qxe3+ {[%emt 0:00:03]} 17. Kh1 {[%emt 0:00:02]} fxe6 {[%emt 0:00:01]} 18. Qg4 {
[%emt 0:00:19]} Kh8 {[%emt 0:00:50]} 19. Qxe6 {[%emt 0:00:21]} Qe2 {[%emt 0:00:
03]} 20. Rxf8+ {[%emt 0:00:08]} Rxf8 {[%emt 0:00:03]} 21. h3 {[%emt 0:00:18]}
Nxd4 {[%emt 0:00:30]} 22. Nxd4 {[%emt 0:00:08]} cxd4 {[%emt 0:00:01]} 23. Bxd4
{[%emt 0:00:11]} h5 {[%emt 0:00:11] Torre repetto 2 ofrece tablas} 24. Qxg6 {
[%emt 0:00:21]} Rf1+ {[%emt 0:00:04]} 25. Rxf1 {[%emt 0:00:07]} Qxf1+ {[%emt 0:
00:01]} 26. Bg1 {[%emt 0:00:02]} d4 {[%emt 0:00:22]} 27. Qxh5+ {[%emt 0:00:02]}
Kg8 {[%emt 0:00:01]} 28. Qf3 {[%emt 0:00:06]} Qxf3 {[%emt 0:00:03]} 29. gxf3 {
[%emt 0:00:01]} Bxe5 {[%emt 0:00:01]} 30. Kg2 {[%emt 0:00:06]} d3 {[%emt 0:00:
01]} 31. Kf1 {[%emt 0:00:07]} Kf7 {[%emt 0:00:07]} 32. Ke1 {[%emt 0:00:08]} Bf4
{[%emt 0:00:03]} 33. Kd1 {[%emt 0:00:08]} Kg6 {[%emt 0:00:03]} 34. Bd4 {[%emt
0:00:01]} Kh5 {[%emt 0:00:03]} 35. Bc3 {[%emt 0:00:01]} Kh4 {[%emt 0:00:01]}
36. Bd2 {[%emt 0:00:01]} Bd6 {[%emt 0:00:08]} 37. f4 {[%emt 0:00:02]} Kxh3 {
[%emt 0:00:01]} 38. f5 {[%emt 0:00:01]} Be5 {[%emt 0:00:05]} 39. Bg5 {[%emt 0:
00:02]} Kg4 {[%emt 0:00:02]} 40. Be7 {[%emt 0:00:11]} Kxf5 {[%emt 0:00:03]} 41.
Kd2 {[%emt 0:00:01]} Ke4 {[%emt 0:00:01]} 42. Bd8 {[%emt 0:00:01]} Bb8 {[%emt
0:00:08]} 43. Be7 {[%emt 0:00:03]} b5 {[%emt 0:00:08] '} 44. Bb4 {[%emt 0:00:
02]} a6 {[%emt 0:00:03]} 45. Bc5 {[%emt 0:00:01]} Be5 {[%emt 0:00:03]} 46. a4 {
[%emt 0:00:03]} Bf4+ {[%emt 0:00:03]} 47. Kd1 {[%emt 0:00:02]} Be3 {[%emt 0:00:
01]} 48. Bb4 {[%emt 0:00:02]} Kd4 {[%emt 0:00:05]} 49. axb5 {[%emt 0:00:01]}
axb5 {[%emt 0:00:01]} 50. Bd2 {[%emt 0:00:01]} Bxd2 {[%emt 0:00:03]} 51. Kxd2 {
[%emt 0:00:01]} b4 {[%emt 0:00:01]} 52. Kd1 {[%emt 0:00:02]} Kc3 {[%emt 0:00:
00]} 53. Kc1 {[%emt 0:00:01]} Kxb3 {[%emt 0:00:01]} 54. Kd2 {[%emt 0:00:00]}
Ka2 {[%emt 0:00:03]} 55. Kxd3 {[%emt 0:00:00]} b3 {[%emt 0:00:00] stefanovitch
abandonne} 0-1

[Event "Villarobledo Online Qualifyer"]
[Site "playchess.com #155672"]
[Date "2009.05.23"]
[Round "12"]
[White "Chesshero045"]
[Black "Ricardov"]
[Result "0-1"]
[WhiteElo "1975"]
[BlackElo "2285"]
[PlyCount "132"]
[EventDate "2009.05.23"]
[EventType "swiss (blitz)"]

1. e4 {[%emt 0:00:01]} c5 {[%emt 0:00:01]} 2. c3 {[%emt 0:00:02]} Nf6 {[%emt 0:
00:02]} 3. e5 {[%emt 0:00:00]} Nd5 {[%emt 0:00:01]} 4. d4 {[%emt 0:00:00]} cxd4
{[%emt 0:00:01]} 5. cxd4 {[%emt 0:00:01]} d6 {[%emt 0:00:02]} 6. Nf3 {[%emt 0:
00:02]} e6 {[%emt 0:00:01]} 7. Bc4 {[%emt 0:00:02]} Nc6 {[%emt 0:00:04]} 8. Nc3
{[%emt 0:00:02]} Nxc3 {[%emt 0:00:02]} 9. bxc3 {[%emt 0:00:01]} dxe5 {[%emt 0:
00:00]} 10. dxe5 {[%emt 0:00:04]} Qxd1+ {[%emt 0:00:01]} 11. Kxd1 {[%emt 0:00:
00]} Bc5 {[%emt 0:00:01]} 12. Ke2 {[%emt 0:00:08]} Na5 {[%emt 0:00:35]} 13.
Bb5+ {[%emt 0:00:04]} Bd7 {[%emt 0:00:01]} 14. Bxd7+ {[%emt 0:00:01]} Kxd7 {
[%emt 0:00:01]} 15. Rd1+ {[%emt 0:00:01]} Kc6 {[%emt 0:00:01]} 16. Nd4+ {[%emt
0:00:09]} Bxd4 {[%emt 0:00:01]} 17. cxd4 {[%emt 0:00:03]} Kd5 {[%emt 0:00:05]}
18. Be3 {[%emt 0:00:02]} Rhc8 {[%emt 0:00:03]} 19. Rab1 {[%emt 0:00:07]} a6 {
[%emt 0:00:01]} 20. Bd2 {[%emt 0:00:48]} Rc2 {[%emt 0:00:20]} 21. Kd3 {[%emt 0:
00:02]} Rxa2 {[%emt 0:00:02]} 22. Bxa5 {[%emt 0:00:03]} Rxa5 {[%emt 0:00:01]}
23. Rxb7 {[%emt 0:00:02]} Ra3+ {[%emt 0:00:01]} 24. Ke2 {[%emt 0:00:01]} Rf8 {
[%emt 0:00:07]} 25. Rd7+ {[%emt 0:00:04]} Ke4 {[%emt 0:00:01]} 26. f3+ {[%emt
0:00:01]} Kf4 {[%emt 0:00:04]} 27. g3+ {[%emt 0:00:04]} Kf5 {[%emt 0:00:02]}
28. Rd2 {[%emt 0:00:07]} g5 {[%emt 0:00:08]} 29. Rd3 {[%emt 0:00:57]} Ra2+ {
[%emt 0:00:07]} 30. Rd2 {[%emt 0:00:01]} Ra1 {[%emt 0:00:10]} 31. Ke3 {[%emt 0:
00:07]} h5 {[%emt 0:00:03]} 32. h3 {[%emt 0:00:06]} g4 {[%emt 0:00:02]} 33.
hxg4+ {[%emt 0:00:05]} hxg4 {[%emt 0:00:01]} 34. f4 {[%emt 0:00:01]} Rf1 {
[%emt 0:00:19]} 35. Rf2 {[%emt 0:00:06]} Rxf2 {[%emt 0:00:05]} 36. Kxf2 {[%emt
0:00:02]} Ke4 {[%emt 0:00:00]} 37. Rd6 {[%emt 0:00:02]} Rb8 {[%emt 0:00:05]}
38. Rxa6 {[%emt 0:00:01]} Rb2+ {[%emt 0:00:01]} 39. Kg1 {[%emt 0:00:02]} Kxd4 {
[%emt 0:00:04]} 40. Ra3 {[%emt 0:00:05]} Ke4 {[%emt 0:00:20]} 41. Kf1 {[%emt 0:
00:07]} Rh2 {[%emt 0:00:05]} 42. Kg1 {[%emt 0:00:03]} Re2 {[%emt 0:00:01]} 43.
Kf1 {[%emt 0:00:02]} Re3 {[%emt 0:00:01]} 44. Ra7 {[%emt 0:00:14]} Rxg3 {[%emt
0:00:02]} 45. Rxf7 {[%emt 0:00:00]} Rf3+ {[%emt 0:00:01]} 46. Kg2 {[%emt 0:00:
09]} Rxf4 {[%emt 0:00:01]} 47. Ra7 {[%emt 0:00:14]} Kxe5 {[%emt 0:00:04]} 48.
Kg3 {[%emt 0:00:01]} Rb4 {[%emt 0:00:10]} 49. Ra5+ {[%emt 0:00:02]} Kf6 {[%emt
0:00:01]} 50. Rh5 {[%emt 0:00:05]} e5 {[%emt 0:00:02]} 51. Kh4 {[%emt 0:00:04]}
Rf4 {[%emt 0:00:08]} 52. Rh6+ {[%emt 0:00:04]} Kf5 {[%emt 0:00:01]} 53. Rh5+ {
[%emt 0:00:01]} Ke4 {[%emt 0:00:01]} 54. Rg5 {[%emt 0:00:01]} Kd4 {[%emt 0:00:
04]} 55. Kg3 {[%emt 0:00:02]} Rf3+ {[%emt 0:00:13] '} 56. Kxg4 {[%emt 0:00:01]}
e4 {[%emt 0:00:00]} 57. Rg8 {[%emt 0:00:03]} Ke3 {[%emt 0:00:01]} 58. Re8 {
[%emt 0:00:02]} Rf7 {[%emt 0:00:08]} 59. Kg3 {[%emt 0:00:01]} Rg7+ {[%emt 0:00:
01]} 60. Kh2 {[%emt 0:00:01]} Kf2 {[%emt 0:00:04]} 61. Rf8+ {[%emt 0:00:01]}
Ke2 {[%emt 0:00:01]} 62. Ra8 {[%emt 0:00:06]} e3 {[%emt 0:00:01]} 63. Ra2+ {
[%emt 0:00:01]} Kf1 {[%emt 0:00:02]} 64. Ra1+ {[%emt 0:00:01]} Kf2 {[%emt 0:00:
01]} 65. Ra2+ {[%emt 0:00:01]} e2 {[%emt 0:00:00]} 66. Kh3 {[%emt 0:00:03]} Kf1
{[%emt 0:00:02] Chesshero045 gibt auf} 0-1